УИРС. Часть 5 (профиль Технология подготовки и переработки нефти и газа) / ДО 2019 (18.03.01): электронный курс

Chi tiết về thư mục
Tác giả chính: Бешагина Е. В. Евгения Владимировна
Tác giả của công ty: Национальный исследовательский Томский политехнический университет Инженерная школа природных ресурсов Отделение химической инженерии
Tác giả khác: Кузьменко Е. А. Елена Анатольевна
Tóm tắt:Заглавие с экрана
Основной целью курса является формирование у обучающихся образовательной программы «Химическая технология переработки нефти и газа» по направлению подготовки 18.03.01 «Химическая технология» (профиль - «Технология подготовки и переработки нефти и газа») следующих компетенций: Способен проводить анализ сырья, материалов и готовой продукции, осуществлять оценку результатов анализа; Способен планировать и проводить химические эксперименты, проводить обработку результатов эксперимента, оценивать погрешности, применять методы математического моделирования и анализа при исследовании химико-технологических процессов; Готов изучать научно-техническую информацию, отечественный и зарубежный опыт по тематике исследования; Готов грамотно представлять результаты научных исследований. Курс предназначен для подготовки бакалавров в соответствии с учебным планом 7 семестра. В курсе рассматриваются особенности применения расчетных методов и методик лабораторных исследований для определения физико-химических свойств и состава нефтей и нефтепродуктов. Особое внимание уделяется использованию современных приборов для лабораторных исследований состава и физико-химических свойств нефтей и нефтепродуктов.
Доступ по логину и паролю
Ngôn ngữ:Tiếng Nga
Được phát hành: Томск, TPU Moodle, 2022
Những chủ đề:
Truy cập trực tuyến:https://design.lms.tpu.ru/course/view.php?id=4659
Định dạng: Điện tử Sách
KOHA link:https://koha.lib.tpu.ru/cgi-bin/koha/opac-detail.pl?biblionumber=669106

MARC

LEADER 00000nlm0a2200000 4500
001 669106
005 20240112155411.0
035 |a (RuTPU)RU\TPU\network\40346 
035 |a RU\TPU\network\38930 
090 |a 669106 
100 |a 20230215d2022 m y0rusy50 ca 
101 0 |a rus 
102 |a RU 
105 |a a j 000zy 
135 |a jrcn ---uucaa 
181 0 |a i  
182 0 |a b 
200 1 |a УИРС. Часть 5 (профиль Технология подготовки и переработки нефти и газа) / ДО 2019 (18.03.01)  |e электронный курс  |f Е. В. Бешагина, Е. А. Кузьменко  |g Национальный исследовательский Томский политехнический университет, Инженерная школа природных ресурсов, Отделение химической инженерии 
203 |a Текст  |c электронный 
210 |a Томск  |c TPU Moodle  |d 2022 
300 |a Заглавие с экрана 
330 |a Основной целью курса является формирование у обучающихся образовательной программы «Химическая технология переработки нефти и газа» по направлению подготовки 18.03.01 «Химическая технология» (профиль - «Технология подготовки и переработки нефти и газа») следующих компетенций: Способен проводить анализ сырья, материалов и готовой продукции, осуществлять оценку результатов анализа; Способен планировать и проводить химические эксперименты, проводить обработку результатов эксперимента, оценивать погрешности, применять методы математического моделирования и анализа при исследовании химико-технологических процессов; Готов изучать научно-техническую информацию, отечественный и зарубежный опыт по тематике исследования; Готов грамотно представлять результаты научных исследований. Курс предназначен для подготовки бакалавров в соответствии с учебным планом 7 семестра. В курсе рассматриваются особенности применения расчетных методов и методик лабораторных исследований для определения физико-химических свойств и состава нефтей и нефтепродуктов. Особое внимание уделяется использованию современных приборов для лабораторных исследований состава и физико-химических свойств нефтей и нефтепродуктов. 
333 |a Доступ по логину и паролю 
610 1 |a электронный ресурс 
610 1 |a труды учёных ТПУ 
610 1 |a электронное обучение 
610 1 |a электронные курсы ТПУ 
610 1 |a электронные учебные пособия 
610 1 |a дистанционное образование 
610 1 |a дистанционное обучение 
610 1 |a научно-исследовательские работы 
610 1 |a физико-химические свойства 
610 1 |a нефть 
610 1 |a нефтепродукты 
610 1 |a лабораторные методы 
610 1 |a расчетные методы 
610 1 |a результаты 
700 1 |a Бешагина  |b Е. В.  |c химик-технолог  |c доцент Томского политехнического университета, кандидат химических наук  |f 1983-  |g Евгения Владимировна  |3 (RuTPU)RU\TPU\pers\25265  |9 11298 
701 1 |a Кузьменко  |b Е. А.  |c химик-технолог  |c доцент Томского политехнического университета, кандидат технических наук  |f 1958-  |g Елена Анатольевна  |3 (RuTPU)RU\TPU\pers\25858  |9 11727 
712 0 2 |a Национальный исследовательский Томский политехнический университет  |b Инженерная школа природных ресурсов  |b Отделение химической инженерии  |3 (RuTPU)RU\TPU\col\23513 
801 2 |a RU  |b 63413507  |c 20230215  |g RCR 
856 4 |u https://design.lms.tpu.ru/course/view.php?id=4659 
942 |c CF